Normal view
MARC view
Entry Personal Name
001 - CONTROL NUMBER
- control field: 64180
003 - CONTROL NUMBER IDENTIFIER
- control field: dpl
005 - DATE AND TIME OF LATEST TRANSACTION
- control field: 20240402144030.0
008 - FIXED-LENGTH DATA ELEMENTS
- fixed length control field: 240402|| aca||aabn | a|a d
040 ## - CATALOGING SOURCE
- Original cataloging agency: dpl
- Transcribing agency: dpl
100 ## - HEADING--PERSONAL NAME
- Personal name: मल्होत्रा,राज
670 ## - SOURCE DATA FOUND
- Source citation: Work cat.: (dpl)201888: मल्होत्रा,राज , आधुनिक भारत का इतिहास/, 2022
